ធនញ្ជ័យកុមារ : (Record no. 8915)
[ view plain ]
| 000 -LEADER | |
|---|---|
| fixed length control field | 03716nam a22003017a 4500 |
| 001 - CONTROL NUMBER | |
| control field | 8915 |
| 003 - CONTROL NUMBER IDENTIFIER | |
| control field | FISKH |
| 005 - DATE AND TIME OF LATEST TRANSACTION | |
| control field | 20251031122850.0 |
| 008 - FIXED-LENGTH DATA ELEMENTS--GENERAL INFORMATION | |
| fixed length control field | 251031b cb ||||| |||| 00| 0 eng d |
| 020 ## - INTERNATIONAL STANDARD BOOK NUMBER | |
| International Standard Book Number | 9789995094737 |
| 040 ## - CATALOGING SOURCE | |
| Original cataloging agency | FISKH |
| Language of cataloging | khr |
| Transcribing agency | FISKH |
| Modifying agency | FISKH |
| 082 ## - DEWEY DECIMAL CLASSIFICATION NUMBER | |
| Classification number | 398.2 |
| 100 ## - MAIN ENTRY--PERSONAL NAME | |
| Personal name | Sotheary, Kimsun |
| 245 ## - TITLE STATEMENT | |
| Title | ធនញ្ជ័យកុមារ : |
| Statement of responsibility, etc. | រៀបរៀងដោយ អ្នកស្រី គឹមស៊ុន សុធារី , ត្រួតពិនិត្យអក្ខរាវិរុទ្ធ ដោយ លោក វ៉ាន់ សុភ័ក្រ្ត , កញ្ញា វុិច វឌ្ឍនា និង អ្នកនាង វ៉ាត ចរិយា |
| Remainder of title | Thun Chey , Koma / |
| 260 ## - PUBLICATION, DISTRIBUTION, ETC. | |
| Place of publication, distribution, etc. | ភ្នំពេញ : |
| Name of publisher, distributor, etc. | Reading Books , |
| Date of publication, distribution, etc. | 2009. |
| 300 ## - PHYSICAL DESCRIPTION | |
| Extent | 24 pages : |
| Other physical details | color illustrations ; |
| Dimensions | 25 cm . |
| 490 ## - SERIES STATEMENT | |
| Series statement | ពិភពរឿងនិទាន |
| 505 ## - FORMATTED CONTENTS NOTE | |
| Formatted contents note | P <br/> |
| 520 ## - SUMMARY, ETC. | |
| Summary, etc. | នៅសម័យបុរាណ មានព្រះរាជាឈ្មោះ ធនញ្ជ័យ ដែលមានកូនប្រុសអ៊ាងតូចម្នាក់ឈ្មោះ ធនញ្ជ័យកុមារ។ ព្រះកុមារនេះមានចិត្តសប្បុរស ប្រាជ្ញា និងគោរពស្ដាប់ព្រះបិតាមាតា។ កាលមួយ ព្រះរាជាបិតាបានចង់សាកល្បងចិត្តកូន ដោយធ្វើជាមនុស្សក្រីក្រ ហើយដាក់ព្រះកុមារឱ្យរស់ដោយខ្លួនឯង។<br/>ក្នុងអំឡុងពេលនោះ ព្រះកុមារបានបង្ហាញពីសេចក្ដីខិតខំ សុចរិត និងការរស់នៅដោយសុចរិតភាព ទោះបីមានការលំបាកក៏ដោយ។ ព្រះអង្គបានជួយមនុស្សជាច្រើនដោយចិត្តសប្បុរស និងមិនធ្លាប់ធ្វើអំពើអាក្រក់ទេ។<br/>នៅចុងរឿង ព្រះរាជាបិតាបានបង្ហាញអត្តសញ្ញាណពិតវិញ ហើយសរសើរចិត្តល្អនៃព្រះកុមារ។ ព្រះអង្គបានរៀបចំអាហារពិសេស និងប្រគល់អាសនៈកិត្តិយសអោយកូនជាផ្នែករងសាសនានិងរាជការ។ |
| 520 ## - SUMMARY, ETC. | |
| Summary, etc. | In ancient times, there was a king named Thananjaya, who had a young son called Prince Thananjaya Kumara. The prince was kind-hearted, wise, and always respectful and obedient to his parents.<br/>One day, the king wanted to test his son’s character. He disguised himself as a poor man and sent the prince away to live on his own.<br/>During that time, the prince showed great diligence, honesty, and integrity. Even though life was difficult, he remained virtuous and generous, helping many people and never doing anything wrong.<br/>In the end, the king revealed his true identity and praised his son’s good heart. He held a great feast in honor of the prince and appointed him to a respected position in both the royal court and religious affairs |
| 521 8# - TARGET AUDIENCE NOTE | |
| Target audience note | 650 <br/> |
| Source | Lexile estimate <br/> |
| 521 8# - TARGET AUDIENCE NOTE | |
| Target audience note | P <br/> |
| Source | Raz-Plus <br/> |
| 650 ## - SUBJECT ADDED ENTRY--TOPICAL TERM | |
| Topical term or geographic name entry element | ធនញ្ជ័យកុមារ |
| Form subdivision | រឿងនិទានកុមារ |
| 650 ## - SUBJECT ADDED ENTRY--TOPICAL TERM | |
| Topical term or geographic name entry element | Thun Chey, Koma |
| Form subdivision | Children's Stories |
| 700 ## - ADDED ENTRY--PERSONAL NAME | |
| Personal name | San, Thai |
| Relator term | Illustrator |
| 942 ## - ADDED ENTRY ELEMENTS (KOHA) | |
| Source of classification or shelving scheme | Dewey Decimal Classification |
| Koha item type | Khmer Books |
| Suppress in OPAC | No |
| Withdrawn status | Lost status | Source of classification or shelving scheme | Damaged status | Not for loan | Collection | Home library | Current library | Shelving location | Date acquired | Total Checkouts | Full call number | Barcode | Date last seen | Copy number | Price effective from | Koha item type |
|---|---|---|---|---|---|---|---|---|---|---|---|---|---|---|---|---|
| Dewey Decimal Classification | Khmer-English Bilingual / ភាសាខ្មែរ-អង់គ្លេស | Footprints International School Library Network Toul Tom Poung Campus | Footprints International School Library Network Toul Tom Poung Campus | TTP Primary Khmer Bookshelves | 10/31/2025 | SOT PZ7 398.2 | 2025-4776 | 10/31/2025 | 1 | 10/31/2025 | Khmer Books | |||||
| Dewey Decimal Classification | Khmer-English Bilingual / ភាសាខ្មែរ-អង់គ្លេស | Footprints International School Library Network Toul Tom Poung Campus | Footprints International School Library Network Toul Tom Poung Campus | TTP Primary Khmer Bookshelves | 11/10/2025 | SOT PZ7 398.2 | FIS04071 | 11/10/2025 | 2 | 11/10/2025 | Khmer Books |
